000
00238nam a22001217a 4500
003
SGT
082
_a
823
_b
ROW
100
_a
ROWELL RAINBOW
245
_a
FANGIRL
260
_a
UK
_b
MACMILLAN PUB
_c
2013
300
_a
459
942
_2
ddc
_c
BK
999
_c
33986
_d
33986